Riadenie a zlepšovanie výrobných procesov pomocou metodológie six sigma

Na minha lista:
Detalhes bibliográficos
Autor principal: Štofová, Lenka, 1989-
Outros Autores: Szaryszová, Petra, 1984-
Formato: Capítulo de Livro
Idioma:eslovaco
Tags: Adicionar Tag
Sem tags, seja o primeiro a adicionar uma tag!

MARC

LEADER 00000nla a2200000 4500
001 0240196
005 20240502073910.9
041 0 |a slo 
044 |a SK 
245 1 0 |a Riadenie a zlepšovanie výrobných procesov pomocou metodológie six sigma 
500 |a Abstrakt 
100 1 |a Štofová, Lenka, 1989- 
700 1 |a Szaryszová, Petra, 1984-